|
|
|
|
| LEADER |
00000nas a2200000 a 4500 |
| 001 |
ssj0037132 |
| 003 |
WaSeSS |
| 005 |
20200512172242.0 |
| 006 |
m d |
| 007 |
cr n |
| 008 |
920218c19929999txumr p s 0 a0eng c |
| 010 |
|
|
|a sn 95005405
|
| 022 |
|
|
|l 1084-5402
|y 1084-5402
|
| 032 |
|
|
|a 492260
|b USPS
|
| 035 |
|
|
|a (WaSeSS)ssj0037132
|
| 040 |
|
|
|a TMV
|b eng
|c TMV
|d TAI
|d OCL
|d UIU
|d NSD
|d AGL
|d OCLCQ
|d OCLCF
|d OCLCO
|d OCLCQ
|d CUS
|d OKS
|d CCH
|d TKN
|d CRU
|d AZU
|d WaSeSS
|
| 042 |
|
|
|a nsdp
|a pcc
|
| 043 |
|
|
|a n-ust--
|
| 050 |
|
4 |
|a SF371
|b .S44
|
| 070 |
0 |
|
|a SF371.R36
|
| 072 |
|
0 |
|a L100
|
| 072 |
|
0 |
|a A000
|
| 082 |
1 |
0 |
|a 636
|2 12
|
| 210 |
0 |
|
|a Ranch rural living
|
| 222 |
|
0 |
|a Ranch & rural living
|
| 245 |
0 |
0 |
|a Ranch & rural living
|h [electronic resource].
|
| 246 |
3 |
|
|a Ranch and rural living
|
| 246 |
1 |
7 |
|a Ranch magazine
|
| 260 |
|
|
|a [San Angelo] :
|b [Scott Campbell],
|c [1992]-
|
| 310 |
|
|
|a Monthly
|
| 362 |
0 |
|
|a Vol. 73, no. 4 (Jan. 1992)-
|
| 500 |
|
|
|a Title from cover.
|
| 506 |
|
|
|a License restrictions may limit access.
|
| 550 |
|
|
|a Official publication of the Texas Sheep and Goat Raisers' Association.
|
| 588 |
|
|
|a Latest issue consulted: Vol. 76, no. 12 (Sept. 1995).
|
| 650 |
|
0 |
|a Sheep
|v Periodicals.
|
| 650 |
|
0 |
|a Goats
|v Periodicals.
|
| 650 |
|
0 |
|a Cattle
|v Periodicals.
|
| 650 |
|
0 |
|a Sheep
|z Southwestern States
|v Periodicals.
|
| 650 |
|
0 |
|a Goats
|z Southwestern States
|v Periodicals.
|
| 650 |
|
0 |
|a Cattle
|z Southwestern States
|v Periodicals.
|
| 650 |
|
7 |
|a Cattle.
|2 fast
|0 (OCoLC)fst00849460
|
| 650 |
|
7 |
|a Goats.
|2 fast
|0 (OCoLC)fst00943979
|
| 650 |
|
7 |
|a Sheep.
|2 fast
|0 (OCoLC)fst01115460
|
| 650 |
|
2 |
|a Sheep.
|
| 650 |
|
2 |
|a Goats.
|
| 650 |
|
2 |
|a Animal Husbandry.
|
| 651 |
|
7 |
|a United States
|z Southwestern States.
|2 fast
|0 (OCoLC)fst01244559
|
| 655 |
|
0 |
|a Electronic journals.
|
| 710 |
2 |
|
|a Texas Sheep and Goat Raisers' Association.
|
| 780 |
0 |
0 |
|t Ranch magazine
|x 0145-8515
|w (DLC) 76649694
|w (OCoLC)2791343
|
| 850 |
|
|
|a DNAL
|
| 856 |
4 |
0 |
|z Full text available from Research Library: 10/01/2004 to present
|u https://search.proquest.com/publication/24102
|